[Event "5th EKA IIFL Investment 2019"]
[Site "Mumbai"]
[Date "2020.01.05"]
[Round "7.4"]
[White "Rahman, Ziaur"]
[Black "Bogdanovich, Stanislav"]
[Result "0-1"]
[WhiteElo "2434"]
[BlackElo "2562"]
[Annotator "TA"]
[PlyCount "78"]
[EventDate "2019.12.30"]
[EventType "swiss"]
[EventCountry "IND"]
[SourceTitle "playchess.com"]
[Source "ChessBase"]
[SourceQuality "1"]

{[%evp 9,78,-31,-36,-13,-25,-23,-12,-32,-37,-60,-65,-72,-66,-68,-67,-40,-51,-65,-61,-66,-73,-162,-102,-192,-103,-103,-91,-346,-263,-311,-221,-225,-206,-192,-131,-183,-212,-463,-441,-475,-465,-651,-441,-419,-239,-294,-243,-237,-227,-275,-130,-456,-449,-455,-464,-495,-487,-474,-120,-323,0,0,0,0,0,0,0,-1856,-1743,-29989,-29990]} 1. d4 Nf6 2. Bg5 c5 ({Predecessor:} 2... Ne4 3. Bf4 c5 {0-1 (55) Alarcon Casellas,R (2387)-Adly,A (2626) Sitges 2018}) 3. d5 Ne4 4. Bf4 Qb6 5. Nd2 Qxb2 6. Nxe4 {Strongly threatening Bd2. A45: Trompowsky Attack} Qb4+ {[%mdl 64] Double Attack} 7. c3 Qxe4 8. e3 {The position is equal.} g5 9. Bg3 Bg7 10. Rc1 d6 $36 {[%mdl 2048] Black has the initiative.} 11. Nf3 $146 (11. h4 g4 12. Ne2 Nd7 13. Nf4 {½-½ (30) Radjabov,T (2744)-Vachier Lagrave,M (2703) Moscow 2010}) 11... Qg6 $1 12. h4 h6 13. Bd3 f5 14. Qa4+ Nd7 15. Kd2 (15. c4 $17) 15... Qf6 (15... O-O $1 $19 16. hxg5 hxg5) 16. Rhe1 (16. hxg5 $17 hxg5 17. Rxh8+ Bxh8 18. c4) 16... Kf8 ({Better is} 16... a6 $19 17. Ke2 g4) 17. Qc2 $17 Nb6 {aiming for ...g4.} 18. e4 $2 {[%mdl 8192]} (18. Qb3 $17 {was worth a try.}) 18... f4 19. e5 Qf7 20. c4 fxg3 21. fxg3 {next Rf1 is good for White.} g4 (21... dxe5 $1 $19 {...Kg8 is the strong threat.} 22. Rf1 Bf6 23. hxg5 hxg5 24. Nxe5 Bxe5 25. Rxf7+ Kxf7 26. Rf1+ Ke8) 22. e6 (22. Ng5 $17 {was called for.} Qf2+ 23. Re2 Qxg3 24. Rf1+ Ke8 25. exd6 hxg5 26. Bg6+ Kd7 27. dxe7) 22... Qe8 ({Much less strong is} 22... Qf6 23. Ne5 $1 $17 {[%mdl 512]}) 23. Re4 $2 (23. Nh2 Qa4 24. Rf1+ Ke8 25. Rf7 Qb4+ 26. Ke2) 23... gxf3 $19 24. Rf4+ Bf6 $1 25. Ke3 Qh5 26. Kf2 {[#]} Nxd5 $1 27. cxd5 Qxd5 28. Bc4 Qh5 $1 29. gxf3 {intending Qd3.} Ke8 {[#]} (29... b5 $19 {is more deadly.} 30. Qe4 bxc4 31. Qxa8 Qe8) 30. Rf5 $2 {[%mdl 8192]} (30. Rxf6 $1 $17 {[%mdl 512] was the crucial defense.} exf6 31. Rd1) 30... Qg6 $1 31. h5 Qg7 32. Qa4+ Kd8 33. Bd5 Rf8 $2 {[#]} ({Don't do} 33... Bd4+ 34. Kg2 $19) (33... Bc3 $19 {has better winning chances.} 34. Kg2 Qd4) 34. Kg2 $2 (34. Bxb7 $1 $17 {[%mdl 512]} Bxe6 (34... Bxb7 35. Qd7#) 35. Rxf6 Qxf6 36. Bxa8) 34... a5 $2 ({Black should try} 34... Rg8 $19 35. g4 Bc3) 35. Qb5 $1 $11 {Hoping for Rxc5.} Kc7 36. Bxb7 $1 Bxb7 {[#]} 37. Rfxc5+ $1 {[%mdl 512]} Kb8 $1 {[#]} (37... dxc5 38. Qxc5+ Kb8 39. Qc7+ Ka7 40. Qxa5+ Kb8 41. Qc7+ Ka7 42. Rc4 $18) 38. Rc7 $2 {[%mdl 8192]} (38. Rc8+ $3 $11 {[%mdl 512]} Rxc8 39. Rxc8+ Kxc8 40. Qd7+ Kb8 41. Qd8+ Bc8 42. Qb6+ Bb7 43. Qd8+ Bc8 44. Qb6+ Bb7 45. Qd8+) 38... Ra7 $19 39. Rd7 Be5 {Accuracy: White = 37%, Black = 68%.} 0-1

[Event "5th EKA IIFL Investment 2019"]
[Site "Mumbai"]
[Date "2020.01.05"]
[Round "7.5"]
[White "Tukhaev, Adam"]
[Black "Mendonca, Leon Luke"]
[Result "1-0"]
[WhiteElo "2548"]
[BlackElo "2417"]
[Annotator "TA"]
[PlyCount "141"]
[EventDate "2019.12.30"]
[EventType "swiss"]
[EventCountry "IND"]
[SourceTitle "playchess.com"]
[Source "ChessBase"]
[SourceQuality "1"]

{[%evp 11,141,0,-2,-10,21,22,23,23,29,23,22,22,17,12,22,0,52,0,0,0,0,0,0,0,28,17,23,13,41,-20,72,34,44,41,41,41,41,38,36,26,24,25,33,21,35,33,41,33,41,38,41,37,82,82,93,93,92,93,91,83,86,63,81,77,103,95,92,108,435,437,309,22,89,0,138,135,135,135,135,135,136,0,0,0,155,131,247,245,236,210,272,272,300,466,466,779,609,549,335,345,296,314,307,307,275,150,2094,0,12813,5085,29978,29979,29979,29980,29980,29981,29980,299,29982,29983,29985,29985,29985,29985,29985,29986,29986,29987,29987,29988,29988,29989]} 1. e4 c5 2. Nf3 d6 3. c3 Nf6 4. Be2 g6 5. O-O Bg7 6. Bb5+ Nc6 7. d4 {B50: Sicilian: 2...d6, Miscellaneous} Bd7 (7... O-O {is more complex.} 8. d5 a6 9. Bd3 Na5 10. Nbd2 b5) (7... Qb6 8. Ba4 cxd4 9. cxd4 O-O 10. d5 Na5 11. Nc3 Bd7 12. Bxd7 Nxd7 13. Rb1 Nc4 14. Qa4 Qc7 {½-½ (52) Harikrishna,P (2729)-Shankland,S (2724) Germany 2018}) 8. d5 Ne5 9. Bxd7+ {White has an edge.} Nexd7 10. Re1 O-O 11. a4 Re8 $146 ({Predecessor:} 11... a6 12. a5 Qc7 13. h3 Rfb8 14. Qe2 b5 15. axb6 Qxb6 {1-0 (50) Tiits,T (2521)-Antonenko,V (2515) ICCF email 2007}) 12. Na3 a6 13. Qb3 Rb8 (13... Qc7 $11) 14. Nc4 (14. h3 $14) 14... b5 $11 15. axb5 axb5 16. Na5 {Nc6 is the strong threat.} c4 17. Qc2 Qb6 18. Nc6 {Threatens to win with Be3.} Rbc8 19. Be3 Nc5 20. Red1 ({Better is} 20. Bxc5 $14 Qxc5 21. Ra5) 20... Kf8 (20... Nfxe4 $11 21. Qxe4 Qxc6) 21. Nb4 (21. Bxc5 $5 dxc5 22. Qe2 $16) 21... Nfd7 22. Nd4 Ra8 23. Ndc6 Qb7 24. Rxa8 Rxa8 25. f3 Na6 26. Qf2 Nxb4 27. Nxb4 Ne5 28. h3 Kg8 29. Kh2 Qc7 30. Bb6 Qc8 31. Bd4 Nd3 32. Nxd3 Bxd4 33. Qxd4 cxd3 34. Qxd3 $16 {[%mdl 4096] Endgame KQR-KQR} Qc5 35. b4 Qb6 36. Qe2 Ra3 37. Rc1 Qa6 38. c4 bxc4 39. Rxc4 Rb3 $2 {[%mdl 8192]} (39... Ra2 $16 {is tougher.} 40. Rc8+ Kg7 41. Qxa6 Rxa6) 40. Qc2 $18 Qa3 41. Qd2 $2 (41. Rc8+ $18 Kg7 42. Qc7) 41... Qb2 (41... Qa1 $11) 42. Qg5 (42. Qxb2 $16 Rxb2 43. Rc7) 42... Qf6 (42... Rxf3 $11 {remains equal.} 43. Rc8+ (43. Qxe7 Rxh3+ {[%mdl 64] Decoy} 44. Kxh3 Qb3+ 45. g3 Qxc4 $11) 43... Kg7) 43. Qh6 $40 {[%cal Rc4c8][%mdl 128] White wants a kill.} Rc3 44. Rc6 $1 Rxc6 45. dxc6 $16 {KQ-KQ} Qe5+ 46. Kh1 {aiming for Qc1.} Qa1+ 47. Kh2 Qe5+ $1 48. f4 Qb5 (48... Qxe4 $16 49. b5 Qc4) 49. Qg5 $1 $18 {[%cal Rg5b5]} Qxc6 50. Qxe7 Qb6 51. e5 $1 {[%cal Re5d6]} Qxb4 52. Qd8+ ({Stronger than} 52. Qxd6 Qxf4+ 53. Kg1 h5 $11) 52... Kg7 53. Qf6+ Kg8 54. exd6 {d7 would kill now.} Qd2 55. Qe5 h6 56. h4 $1 h5 57. Qf6 $1 Qd1 58. Qe7 (58. f5 $1 $18 {[%cal Rf5g6]} Qg4 59. fxg6 fxg6 60. d7 $1 {[%mdl 576] Deflection} Qxd7 61. Qxg6+ {[%mdl 64] Double Attack} Kh8 62. Qxh5+ Kg7 63. Qg5+ Kh7 64. h5) 58... Qd2 $2 (58... Qg4 $16) 59. Qe5 $1 {[%cal Re5f6] Hoping for Qf6.} Kh7 $2 {[%mdl 8192] [#]} (59... f5 $11 60. Qe8+ Kh7) 60. f5 $1 {[%cal Rf5g6]} Kg8 61. fxg6 fxg6 62. Qf6 Kh7 63. Qf7+ Kh6 {[#]} 64. Qf8+ $1 Kh7 {intending ...Qd4.} 65. Qf6 {White mates.} Qc2 66. Qe7+ Kh6 67. Qf8+ Kh7 68. Qf7+ Kh6 69. Qf4+ Kg7 70. d7 Qd3 71. Qc7 {Accuracy: White = 63%, Black = 39%.} 1-0

[Event "5th EKA IIFL Investment 2019"]
[Site "Mumbai"]
[Date "2020.01.05"]
[Round "7.6"]
[White "Chanda, Sandipan"]
[Black "Muthaiah AL"]
[Result "1-0"]
[WhiteElo "2546"]
[BlackElo "2367"]
[Annotator "RC"]
[PlyCount "91"]
[EventDate "2019.12.30"]
[EventType "swiss"]
[EventCountry "IND"]
[SourceTitle "playchess.com"]
[Source "ChessBase"]
[SourceQuality "1"]
[TimeControl "40/5400+30:1800+30"]

1. d4 {[%emt 0:02:10]} d5 {[%emt 0:00:35]} 2. Nf3 {[%emt 0:00:17]} Nf6 {[%emt 0:00:32]} 3. Bf4 {[%emt 0:00:13]} c5 {[%emt 0:00:36]} 4. e3 Nc6 {[%emt 0:01:43]} 5. Nbd2 {[%emt 0:00:27]} cxd4 {[%emt 0:01:13]} 6. exd4 {[%emt 0:00:12]} Bf5 {[%emt 0:00:59]} 7. Bb5 {[%emt 0:00:19]} e6 {[%emt 0:05:26]} 8. Ne5 {[%emt 0:00:12]} Qb6 {[%emt 0:04:38]} 9. c4 {[%emt 0:00:11]} a6 {[%emt 0:02:47]} 10. Bxc6+ {[%emt 0:07:45]} bxc6 {[%emt 0:00:10]} 11. c5 {[%emt 0:02:01]} Qxb2 {[%emt 0:08:48]} 12. Nxc6 {[%emt 0:02:47]} Nd7 {[%emt 0:14:30]} 13. O-O {[%emt 0:13:23]} Qb5 {[%emt 0:03:35]} 14. Ne5 {[%emt 0:00:48]} Nxe5 {[%emt 0:00:39]} 15. Bxe5 {[%emt 0:00:09]} f6 {[%emt 0:01:25]} 16. Bf4 {[%emt 0:10:16]} g5 {[%emt 0:03:59]} 17. Bg3 {[%emt 0:04:24]} h5 {[%emt 0:04:50]} 18. h3 {[%emt 0:08:27]} Kf7 {[%emt 0:04:13]} 19. Re1 {[%emt 0:01:09]} g4 {[%emt 0:05:47]} 20. Re3 {[%emt 0:07:58]} Bh6 {[%emt 0:04:05]} 21. Rb3 {[%emt 0:00:23]} Qa5 {[%emt 0:01:17]} 22. Nf1 {[%emt 0:03:56]} Kg6 {[%emt 0:04:57]} 23. h4 {[%emt 0:00:55]} Rh7 {[%emt 0:11:53]} 24. Ne3 {[%emt 0:02:07]} Bxe3 {[%emt 0:03:27]} 25. fxe3 {[%emt 0:00:11]} Raa7 {[%emt 0:02:13]} 26. Qe1 {[%emt 0:01:52]} Qxe1+ {[%emt 0:01:56]} 27. Rxe1 {[%emt 0:00:06]} Rab7 {[%emt 0:00:51]} 28. Rb6 {[%emt 0:10:04]} e5 {[%emt 0:00:25]} 29. Rc1 {[%emt 0:01:00]} exd4 {[%emt 0:03:30]} 30. exd4 {[%emt 0:01:07]} a5 {[%emt 0:00:27]} 31. a4 {[%emt 0:03:15]} Rbe7 {[%emt 0:00:38]} 32. c6 {[%emt 0:00:24]} Re3 {[%emt 0:02:20]} 33. Bd6 {[%emt 0:04:12]} Rh8 {[%emt 0:00:49]} 34. c7 {[%emt 0:00:08]} Kf7 {[%emt 0:00:08]} 35. Rf1 {[%emt 0:00:50]} Bd3 {[%emt 0:00:42]} 36. Rb8 {[%emt 0:01:56]} Ree8 {[%emt 0:00:43]} 37. Rxf6+ {[%emt 0:01:20]} Kxf6 {[%emt 0:00:02]} 38. Be5+ {[%emt 0:00:07]} Ke7 {[%emt 0:01:18]} 39. Bxh8 {[%emt 0:00:06]} Bf5 {[%emt 0:00:47]} 40. Rd8 {[%emt 0:00:00]} Bc8 {[%emt 0:00:00]} 41. Be5 {[%emt 0:02:25]} g3 {[%emt 0:12:15]} 42. Bd6+ {[%emt 0:02:33]} Kf7 {[%emt 0:00:16]} 43. Bxg3 {[%emt 0:00:10]} Bg4 {[%emt 0:02:00]} 44. Rxd5 {[%emt 0:02:43]} Re3 {[%emt 0:00:47]} 45. Kh2 {[%emt 0:00:21]} Rc3 {[%emt 0:01:08]} 46. Rd8 {[%emt 0:00:39]} 1-0

[Event "5th EKA IIFL Investment 2019"]
[Site "Mumbai"]
[Date "2020.01.05"]
[Round "7.7"]
[White "Harshavardhan G B"]
[Black "Deepan Chakkravarthy J."]
[Result "0-1"]
[WhiteElo "2343"]
[BlackElo "2529"]
[Annotator "TA"]
[PlyCount "68"]
[EventDate "2019.12.30"]
[EventType "swiss"]
[EventCountry "IND"]
[SourceTitle "playchess.com"]
[Source "ChessBase"]
[SourceQuality "1"]

{[%evp 9,68,-27,-18,-19,-5,-10,-10,-9,-12,-12,-7,-20,-20,-182,-204,-201,-200,-195,-196,-284,-274,-287,-252,-297,-293,-286,-274,-291,-290,-350,-350,-344,-356,-346,-353,-349,-337,-392,-387,-486,-485,-483,-479,-483,-483,-477,-487,-475,-462,-492,-403,-584,-581,-700,-523,-822,-795,-894,-886,-935,-918]} 1. d4 Nf6 2. c4 b6 3. Nc3 Bb7 4. Qc2 d5 5. Bg5 (5. cxd5 Nxd5 6. Nf3 g6 7. e4 Nxc3 8. bxc3 Bg7 9. Bb5+ Nd7 10. O-O O-O 11. Rd1 c6 12. Be2 Qc7 13. Bg5 c5 14. Bxe7 {0-1 (32) So,W (2754)-Mamedyarov,S (2774) Stavanger 2019}) 5... dxc4 6. Rd1 {A50: Queen's Fianchetto Defence (1 d4 Nf6 2 c4 b6)} h6 7. Bxf6 exf6 8. e4 {[#]The position is equal.} b5 $1 {[%mdl 512]} 9. Nxb5 Bb4+ 10. Nc3 {And now Qa4+ would win.} O-O $36 {[%mdl 2048] Strongly threatening ...Bxe4! Black has the initiative.} 11. Bxc4 $2 {[#]} (11. Nge2 $11 {and White has nothing to worry.}) 11... Bxe4 $1 $19 {[%mdl 512]} 12. Qxe4 Re8 13. Qe2 $146 Nc6 14. Nf3 (14. Qxe8+ $142 Qxe8+ 15. Nge2) 14... Rxe2+ 15. Bxe2 Qe7 16. Rd2 Bxc3 17. bxc3 Qa3 {Threatens to win with ...Qc1+.} 18. Rc2 Rb8 19. Kd2 Rb2 20. Rhc1 Qxa2 {White must now prevent ...Na5.} ({Much less strong is} 20... Rxa2 21. Rxa2 Qxa2+ 22. Rc2 $19) 21. Rxb2 Qxb2+ 22. Rc2 Qb3 23. Kc1 Na5 24. Nd2 Qa3+ 25. Kd1 Nb3 {( -> ...Qa1+)} 26. Bc4 Qa1+ 27. Ke2 Nxd2 28. Kxd2 {[%mdl 4096] Endgame KQ-KRB} Qg1 29. Bd5 a5 30. Ra2 (30. Kd3 $142) 30... Qxf2+ {Black is clearly winning.} 31. Kd3 Qf1+ 32. Kd2 {[#]} c6 $1 33. Bb3 (33. Bxc6 Qf2+) 33... Qxg2+ {[%mdl 64] Double Attack} 34. Kd3 Qh3+ {Accuracy: White = 37%, Black = 95%.} 0-1

[Event "5th EKA IIFL Investment 2019"]
[Site "Mumbai"]
[Date "2020.01.05"]
[Round "7.8"]
[White "Stupak, Kirill"]
[Black "Subhayan Kundu"]
[Result "1-0"]
[WhiteElo "2506"]
[BlackElo "2244"]
[Annotator "ChessBase"]
[PlyCount "71"]
[EventDate "2019.12.30"]
[EventType "swiss"]
[EventCountry "IND"]
[SourceTitle "playchess.com"]
[Source "ChessBase"]
[SourceQuality "1"]
[TimeControl "40/5400+30:1800+30"]

1. d4 {[%emt 0:00:00]} Nf6 {[%emt 0:01:50]} 2. g3 {[%emt 0:00:00]} d5 {[%emt 0:00:30]} 3. Bg2 {[%emt 0:00:09]} e6 {[%emt 0:00:12]} 4. c4 {[%emt 0:00:30]} Be7 {[%emt 0:00:22]} 5. Nf3 {[%emt 0:02:38]} O-O {[%emt 0:00:10]} 6. O-O {[%emt 0:00:21]} dxc4 {[%emt 0:00:06]} 7. Ne5 {[%emt 0:00:05]} Nc6 {[%emt 0:00:17]} 8. Nxc6 {[%emt 0:00:02]} bxc6 {[%emt 0:00:11]} 9. Na3 {[%emt 0:00:01]} Bxa3 {[%emt 0:08:53]} 10. bxa3 {[%emt 0:00:13]} Nd5 {[%emt 0:07:53]} 11. Qa4 {[%emt 0:00:34]} Nb6 {[%emt 0:01:04]} 12. Qa5 {[%emt 0:00:10]} Rb8 {[%emt 0:26:46]} 13. Rd1 {[%emt 0:15:46]} a6 {[%emt 0:01:31]} 14. Bd2 Nd5 15. a4 {[%emt 0:09:52]} f5 {[%emt 0:08:37]} 16. Qc5 {[%emt 0:06:59]} c3 {[%emt 0:01:18]} 17. Bxc3 {[%emt 0:00:09]} Qd6 {[%emt 0:00:08]} 18. Qc4 {[%emt 0:02:27]} Bd7 {[%emt 0:00:39]} 19. e3 {[%emt 0:05:29]} Nb6 {[%emt 0:09:41]} 20. Qxa6 {[%emt 0:13:46]} Ra8 {[%emt 0:00:30]} 21. Qe2 {[%emt 0:00:26]} Rxa4 {[%emt 0:00:07]} 22. Rdc1 {[%emt 0:00:32]} Rfa8 {[%emt 0:01:59]} 23. Be1 {[%emt 0:00:33]} Nd5 {[%emt 0:00:45]} 24. Qc2 {[%emt 0:04:27]} g6 {[%emt 0:02:11]} 25. Bf1 {[%emt 0:01:59]} Nb6 {[%emt 0:01:25]} 26. Bg2 {[%emt 0:04:01]} Nd5 {[%emt 0:00:06]} 27. Bf3 {[%emt 0:00:01]} Ra3 {[%emt 0:08:56]} 28. Be2 {[%emt 0:01:20]} Nb6 {[%emt 0:01:14]} 29. Rcb1 {[%emt 0:02:05]} Qd5 {[%emt 0:00:54]} 30. Rb2 {[%emt 0:00:48]} c5 {[%emt 0:01:03]} 31. dxc5 {[%emt 0:04:19]} Na4 {[%emt 0:00:22]} 32. Rd1 {[%emt 0:08:29]} Qe5 {[%emt 0:00:37]} 33. Rb3 {[%emt 0:01:49]} Rxb3 {[%emt 0:02:59]} 34. axb3 {[%emt 0:00:12]} Nxc5 {[%emt 0:01:05]} 35. Bb4 {[%emt 0:01:11]} Na6 {[%emt 0:04:36]} 36. Bc3 {[%emt 0:00:15]} 1-0

[Event "5th EKA IIFL Investment 2019"]
[Site "Mumbai"]
[Date "2020.01.05"]
[Round "7.9"]
[White "Das, Sayantan"]
[Black "Taher, Yoseph Theolifus"]
[Result "0-1"]
[WhiteElo "2424"]
[BlackElo "2462"]
[Annotator "TA"]
[PlyCount "117"]
[EventDate "2019.12.30"]
[EventType "swiss"]
[EventCountry "IND"]
[SourceTitle "playchess.com"]
[Source "ChessBase"]
[SourceQuality "1"]

{[%evp 12,117,12,14,31,24,27,24,67,70,70,62,68,60,67,41,56,47,59,33,39,51,62,58,45,43,39,41,87,71,66,-96,-25,-39,-39,-42,-38,-109,-107,-133,-127,-118,-118,-135,-79,-68,0,-53,-39,-103,-22,-72,-72,-74,-74,-79,-79,-79,-81,-553,-538,-472,-477,-477,-477,-470,-470,-470,-460,-401,-354,-1964,-1388,-1360,-1252,-7239,-6095,-29963,-29965,-29965,-29965,-29966,-29968,-29969,-29970,-29970,-29972,-29972,-29973,-29973,-29974,-29974,-29975,-29974,-29976,-29976,-29977,-29977,-29976,-29976,-29977,-29977,-29978,-29980,-29977,-29976,-29977,-29978]} 1. e4 e5 2. Nf3 Nf6 3. Nxe5 d6 4. Nf3 Nxe4 5. Nc3 Nxc3 6. dxc3 Be7 7. Be3 Nc6 {C42: Petroff Defence: 3 Nxe5 and unusual White 3rd moves} 8. Bd3 (8. Qd2 Bf5 9. O-O-O Qd7 10. h3 O-O 11. Rg1 Rae8 12. g4 Be4 13. Be2 Bd8 14. h4 Ne5 15. Nxe5 Rxe5 16. Bd4 {0-1 (74) Nepomniachtchi,I (2767)-Yu,Y (2738) Moscow 2019}) 8... Be6 9. Qe2 Ne5 {White has an edge.} 10. Nxe5 $1 dxe5 11. O-O-O {And now Bb5+ would win.} c6 12. Kb1 Qc7 $146 ({Predecessor:} 12... Qa5 13. Bc4 Bxc4 14. Qxc4 h5 {½-½ (41) Cornette,M (2600)-Kveinys,A (2493) Brest 2018}) 13. a3 Rd8 14. g4 b5 15. g5 Bd5 16. f3 a5 17. Qf2 {Strongly threatening Bb6.} Rb8 18. Be4 Bxe4 19. fxe4 b4 20. cxb4 axb4 21. axb4 $2 (21. a4 $1 $14 {stays ahead.}) 21... Rxb4 (21... Bxb4 $17 {White must now prevent ...Bc3.} 22. Bd2 O-O 23. Bxb4 Rxb4) 22. Bc5 Rb5 23. Bxe7 Qxe7 24. Qd2 (24. Rd3 $15) 24... O-O $1 $17 25. b3 Qa3 $1 26. Qd6 c5 $1 27. Rhf1 g6 $40 {[%mdl 128] Black attacks with force.} (27... Ra5 $142 {[%csl Ga5][%cal Ra3a1]} 28. Qxe5 Qa2+ 29. Kc1 c4) 28. Rf3 Qb4 (28... Ra5 $15 29. Qxe5 c4 $1 {[%mdl 512]}) 29. Qxe5 (29. Rxf7 $11 Rxf7 30. Qd8+ Rf8 31. Qd5+ {[%mdl 64] Double Attack} Rf7 32. Qd8+ Rf8 33. Qd5+ {[%mdl 64] Double Attack} Rf7 34. Qd8+) 29... c4 $15 30. Qf6 (30. Qd4 $15) 30... Rb6 (30... Ra5 $17 31. Qd6 Qb7) 31. Qc3 cxb3 32. Qxb4 bxc2+ 33. Kxc2 Rxb4 $17 {[%mdl 4096] Endgame KRR-KRR} 34. Re1 Rfb8 35. h4 $2 {[%mdl 8192]} (35. Re2 $17 {is a better chance.}) 35... Rb2+ $19 36. Kc1 {[#]} Rb1+ $1 37. Kd2 R8b2+ 38. Kc3 Rxe1 39. Kxb2 {intending Rf4.} Rxe4 {KR-KR} 40. Rh3 {[#]} h6 $1 {[%mdl 512]} 41. gxh6 $2 (41. Kc3 hxg5 42. hxg5) 41... Kh7 42. Rf3 f5 43. h5 {[#]} g5 $1 44. Rxf5 Kxh6 {Black mates.} 45. Kc3 Kxh5 46. Kd3 Re8 47. Rf1 g4 48. Rg1 Kh4 49. Rh1+ Kg3 50. Rg1+ Kh3 51. Rh1+ Kg2 52. Rh7 g3 53. Rg7 Kf2 54. Rf7+ Kg1 55. Rg7 g2 56. Rh7 Re5 57. Kd4 Rf5 58. Ke4 Rf8 59. Kd4 {Accuracy: White = 41%, Black = 67%.} 0-1

[Event "5th EKA IIFL Investment 2019"]
[Site "Mumbai"]
[Date "2020.01.05"]
[Round "7.10"]
[White "Hesham, Abdelrahman"]
[Black "Neverov, Valeriy"]
[Result "0-1"]
[WhiteElo "2429"]
[BlackElo "2460"]
[Annotator "TA"]
[PlyCount "58"]
[EventDate "2019.12.30"]
[EventType "swiss"]
[EventCountry "IND"]
[SourceTitle "playchess.com"]
[Source "ChessBase"]
[SourceQuality "1"]

{[%evp 17,58,0,8,-41,-39,-45,0,0,0,-40,-48,-47,-40,-53,0,-19,-22,-29,-47,-16,-20,-77,-82,-74,-73,-78,-84,-131,-129,-179,-105,-292,-287,-279,-196,-241,-190,-212,-111,-95,-82,-506,-512]} 1. d4 Nf6 2. c4 e6 3. Nf3 d5 4. e3 b6 5. Nc3 Bd6 6. Bd3 Bb7 7. Qe2 O-O 8. O-O c5 9. Rd1 Nbd7 10. e4 {E14: Queen's Indian: Classical Variation (4 e3)} (10. cxd5 exd5 11. Ba6 Qc8 12. Bxb7 Qxb7 13. b3 Rfe8 14. Bb2 Rac8 15. dxc5 bxc5 16. Qb5 Nb6 17. Rac1 a6 {½-½ (42) Plachetka,J (2441)-Huebner,R (2628) Leipzig 2002}) 10... cxd4 $146 ({Predecessor:} 10... dxe4 11. Nxe4 Nxe4 12. Bxe4 Bxe4 13. Qxe4 Qc7 14. b3 Nf6 15. Qh4 cxd4 16. Nxd4 Be7 17. Bb2 Rfd8 {½-½ (47) Brockmann,M-Klatt,P (2056) Dortmund 2000}) 11. Nxd4 Qb8 (11... Be5 $5 {[%cal Re5d4]} 12. Bc2 dxe4 $11) 12. exd5 {The position is equal.} exd5 13. Nxd5 Re8 14. Be3 Bxh2+ 15. Kh1 Re5 (15... g6 $15) 16. Bf5 Nxd5 17. cxd5 Nf6 $1 ({But not} 17... Rxd5 $6 18. Be4 $16) 18. d6 $1 Bf4 {Threatens to win with ...Bxe3.} 19. Bxf4 (19. d7 $11 Qd8 20. Bxf4 Rxe2 21. Nxe2) 19... Rxe2 $17 20. Nxe2 Qe8 $1 {[%cal Re8e2]} 21. Nc3 {[#] With the idea d7.} Qc6 $1 $36 {[%csl Gb7][%cal Rc6g2][%mdl 2048] Black is on the roll.} 22. f3 Qc5 $1 {[%cal Rc5f5]} 23. Bh3 g5 ({Black should play} 23... Qh5 $19 24. d7 Rd8) 24. Bh2 $2 {[#]} (24. Bg3 $17 g4 25. fxg4) 24... h5 $1 $19 25. d7 Rd8 {And now ...g4 would win.} 26. Bd6 {[#]} Qf2 $1 {Strongly threatening ...g4.} 27. Be7 Rxd7 (27... g4 $19 28. Bxd8 (28. Bxg4 hxg4 29. Rd3 gxf3 30. Rxf3 Bxf3 31. gxf3 Qxf3+ 32. Kg1 Ng4 33. Nd1 Rxd7 {[%mdl 64] Double Attack} 34. Bd6 Rxd6 35. Rc1 Rxd1+ {[%mdl 64] Remove Defender} 36. Rxd1 Qg3+ 37. Kh1 Qh2#) 28... gxh3) 28. Bxd7 $17 Bxf3 $1 {[%csl Gf3][%cal Rf2g2][%mdl 64] Double Attack} 29. Bh3 $2 {[%mdl 8192]} (29. gxf3 $17 {nothing else works.} Qxf3+ 30. Kg1 Nxd7 31. Bd6) 29... Bxd1 {Accuracy: White = 17%, Black = 65%.} 0-1